International encyclopedia of careers and vocational guidance / (Record no. 4106)
[ view plain ]
| 000 -LEADER | |
|---|---|
| fixed length control field | 01066cam a2200325 a 4500 |
| 001 - CONTROL NUMBER | |
| control field | 4106 |
| 003 - CONTROL NUMBER IDENTIFIER | |
| control field | BD-DhEWU |
| 005 - DATE AND TIME OF LATEST TRANSACTION | |
| control field | 20190312193817.0 |
| 008 - FIXED-LENGTH DATA ELEMENTS--GENERAL INFORMATION | |
| fixed length control field | 110604s2003 ii a g 001 0 eng d |
| 020 ## - INTERNATIONAL STANDARD BOOK NUMBER | |
| International Standard Book Number | 8176496464 |
| 035 ## - SYSTEM CONTROL NUMBER | |
| System control number | (OCoLC)785115981 |
| 040 ## - CATALOGING SOURCE | |
| Original cataloging agency | BD-DhEWU |
| Modifying agency | BD-DhEWU |
| Language of cataloging | eng |
| Transcribing agency | BD-DhEWU |
| 041 ## - LANGUAGE CODE | |
| Language code of text/sound track or separate title | eng |
| 082 04 - DEWEY DECIMAL CLASSIFICATION NUMBER | |
| Classification number | 331.702 |
| Item number | INT 2004 |
| 100 1# - MAIN ENTRY--PERSONAL NAME | |
| Personal name | Morkes, Andrew |
| 9 (RLIN) | 17187 |
| 245 10 - TITLE STATEMENT | |
| Title | International encyclopedia of careers and vocational guidance / |
| 250 ## - EDITION STATEMENT | |
| Edition statement | 12th ed. |
| 260 ## - PUBLICATION, DISTRIBUTION, ETC. (IMPRINT) | |
| Place of publication, distribution, etc | New Delhi : |
| Name of publisher, distributor, etc | Viva Books, |
| Date of publication, distribution, etc | 2003. |
| 300 ## - PHYSICAL DESCRIPTION | |
| Extent | vi, 858 p. : |
| Other physical details | ill. ; |
| Dimensions | 29 cm. |
| 490 ## - SERIES STATEMENT | |
| Series statement | Encyclopedia of Careers and Vocational Guidance, 12th Ed. |
| 500 ## - GENERAL NOTE | |
| General note | Set of 4 Volumes |
| 504 ## - BIBLIOGRAPHY, ETC. NOTE | |
| Bibliography, etc | Includes Index |
| 526 ## - STUDY PROGRAM INFORMATION NOTE | |
| Program name | Library |
| 590 ## - LOCAL NOTE (RLIN) | |
| Local note | Shaharima Parvin |
| 653 00 - INDEX TERM--UNCONTROLLED | |
| Uncontrolled term | Labor economics |
| Uncontrolled term | Vocational guidance Occupations |
| 856 42 - ELECTRONIC LOCATION AND ACCESS | |
| Materials specified | WorldCat details |
| Uniform Resource Identifier | https://www.worldcat.org/title/international-encyclopedia-of-careers-and-vocational-guidance/oclc/785115981&referer=brief_results |
| 942 ## - ADDED ENTRY ELEMENTS (KOHA) | |
| Koha item type | Ref. |
| Source of classification or shelving scheme | Dewey Decimal Classification |
| Withdrawn status | Lost status | Source of classification or shelving scheme | Materials specified (bound volume or other part) | Damaged status | Not for loan | Collection code | Home library | Current library | Shelving location | Date acquired | Source of acquisition | Cost, normal purchase price | Total Checkouts | Full call number | Barcode | Copy number | Koha item type | Date last seen | Price effective from |
|---|---|---|---|---|---|---|---|---|---|---|---|---|---|---|---|---|---|---|---|
| Dewey Decimal Classification | V-II | Not For Loan | Reference | Dr. S. R. Lasker Library, EWU | Dr. S. R. Lasker Library, EWU | Reference Section | 27/04/2005 | Friends Book Corner | 8500.00 | 331.702 INT 2003 | 15116 | C-1 | Ref. | ||||||
| Dewey Decimal Classification | V-IV | Not For Loan | Reference | Dr. S. R. Lasker Library, EWU | Dr. S. R. Lasker Library, EWU | Reference Section | 12/08/2014 | Friends Book Corner | 8500.00 | 331.702 INT 2004 | 15118 | C-1 | Ref. | 12/08/2014 | 12/08/2014 | ||||
| Dewey Decimal Classification | V-III | Not For Loan | Reference | Dr. S. R. Lasker Library, EWU | Dr. S. R. Lasker Library, EWU | Reference Section | 12/08/2014 | Friends Book Corner | 8500.00 | 331.702 INT 2004 | 15117 | C-1 | Ref. | 12/08/2014 | 12/08/2014 |